00598nam a22002057a 4500003000500000005001700005008004100022010001000063011001000073035001000083040000900093100003800102245007200140260007100212300001000283500001800293650003000311650002100341700003000362CHAP20220329140718.0971013s1987 r 00010 d a56393 a57365 a61520 cCHAP00aZepeda Bautista, Ernesto Marcelo.1 aGuía de densidad para Pinus hartasegu Lindl., Zoquiapan, México aChapingo, Méx. :bUACH. División de Ciencias Forestales,c1987 a52 p. ac.5 en bodega14aÁrbolesxEspaciamiento.14aPinus hartwegii.0 aVillarreal Dosal, Martha.